Statistics for Territorial Flags of Antarctica

Click here to take the quiz!

General Stats

  • This quiz has been taken 7 times
  • The average score is 2 of 7

Answer Stats

Answer% Correct
British Antarctic Territory
83%
Queen Maud Land
33%
Tierra del Fuego / Argentinian Antarctica
33%
Australian Antarctica
17%
Chilean Antarctica
17%
French Southern and Antarctic Lands / French Antarctic Lands
17%
Ross Dependency
17%

Score Distribution

Percentile by Number Answered

Percent of People with Each Score

Your Score History

You have not taken this quiz